000 00962cam a2200229 4500
001 WB3803-04
008 020123n2002 000 0 eng u
035 _a(Sirsi) u116411
245 _aLondon hit where it hurts
260 _c2002
490 _aRICS Press Release
_v(pr010) 22 January 2002, (3)
520 _aLatest commercial property survey from RICS shows the downturn in the market accelerating in all regions. Business property demand has been further hit since 11 September prompting landlords to raise incentives offered on new leases. For the RICS Commercial Market Survey go to: http://www.rics.org/downloads/CMSQ401.PDF
590 _aWB
650 _aRICS MARKET SURVEYS
650 _aPROPERTY-COMMERCIAL PROPERTY-COMMERCIAL PROPERTY MARKET
650 _aBUSINESS PROPERTY
650 _aECONOMIC SLOWDOWN
650 _aLANDLORDS
650 _aLEASES
690 _aPROPERTY-COMMERCIAL PROPERTY-COMMERCIAL PROPERTY MARKET
942 _n0
999 _c69337
_d69337